Statistics for US Presidents in Order: Date of Birth

Click here to take the quiz!

General Stats

  • This quiz has been taken 72 times
  • The average score is 35 of 43

Answer Stats

Rank Date of Birth President % Correct
1Feb 22, 1732George Washington
100%
2Oct 30, 1735John Adams
95%
3Apr 13, 1743Thomas Jefferson
93%
5Apr 28, 1758James Monroe
90%
4Mar 16, 1751James Madison
90%
43Aug 4, 1961Barack Obama
88%
41Aug 19, 1946Bill Clinton
87%
7Jul 11, 1767John Quincy Adams
85%
42Jul 6, 1946George W. Bush
85%
39Jun 12, 1924George H.W. Bush
83%
40Oct 1, 1924Jimmy Carter
83%
38May 29, 1917John F. Kennedy
83%
35Feb 6, 1911Ronald Reagan
82%
34Aug 27, 1908Lyndon B. Johnson
82%
9Dec 5, 1782Martin Van Buren
82%
17Feb 12, 1809Abraham Lincoln
82%
6Mar 15, 1767Andrew Jackson
82%
12Apr 23, 1791James Buchanan
82%
10Nov 24, 1784Zachary Taylor
80%
36Jan 9, 1913Richard Nixon
80%
30Aug 10, 1874Herbert Hoover
80%
31Jan 30, 1882Franklin D. Roosevelt
80%
11Mar 29, 1790John Tyler
80%
33Oct 14, 1890Dwight D. Eisenhower
80%
27Oct 27, 1858Theodore Roosevelt
80%
37Jul 14, 1913Gerald Ford
78%
18Apr 27, 1822Ulysses S. Grant
78%
8Feb 9, 1773William Henry Harrison
78%
16Dec 29, 1808Andrew Johnson
77%
19Oct 4, 1822Rutherford B. Hayes
77%
32May 8, 1884Harry S. Truman
77%
13Nov 2, 1795James K. Polk
77%
29Jul 4, 1872Calvin Coolidge
77%
14Jan 7, 1800Millard Fillmore
77%
24Jan 29, 1843William McKinley
75%
15Nov 23, 1804Franklin Pierce
75%
21Nov 19, 1831James A. Garfield
75%
26Sep 15, 1857William Howard Taft
75%
28Nov 2, 1865Warren G. Harding
75%
22Aug 20, 1833Benjamin Harrison
73%
23Mar 18, 1837Grover Cleveland
73%
20Oct 5, 1829Chester A. Arthur
72%
25Dec 28, 1856Woodrow Wilson
72%

Score Distribution

Percentile by Number Answered

Percent of People with Each Score

Your Score History

You have not taken this quiz